00943pab a2200133 454500008004000000100001700040245002900057260000900086300001300095362001000108520063900118650001800757773003400775180718b2002 xxu||||| |||| 00| 0 eng d aKarnik, Ajit aFiscal policy and growth c2002 ap.829-31 a2 Mar aCan fiscal policy play a key role in the revival of the economy? The problem is that this question has had to be posed in the context of deteriorating fiscal balances of the centre and the states, whose combined deficit is today slightly worse after 10 years of reform. The states' gross fiscal deficit has deteriorated significantly. It is absolutely necessary, therefore, for the centre to be seen to be fiscally prudent, which will be a signal to the states of the centre's seriousness in regard to fiscal management. A contrary signal will undermine any restraint that the centre can bring to bear on the states. - Reproduced. aFiscal policy aEconomic and Political Weekly